| 000 | 00000nam##2200000za#4500 |
| 001 | 9.640975 |
| 003 | CaOODSP |
| 005 | 20210624222929 |
| 007 | cr ||||||||||| |
| 008 | 150407|2007||||xxc|||||o f|0| 0 fre|d |
| 040 | |aCaOODSP|bfre |
| 043 | |an-cn--- |
| 086 | 1 |aE97-75/2007F-PDF |
| 110 | 1 |aCanada.|bCentre de recherches pour le développement international. |
| 245 | 10|aLes dynamiques transfrontalières en Afrique de l'Ouest : |h[ressource électronique]|banalyse des potentiels d’intégration de trois « pays-frontières » en Afrique de l’Ouest / |
| 260 | |aOttawa - Ontario : |bCentre de recherches pour le développement international |cc2007. |
| 590 | |a12-41-Supp|b2012-11-07 |
| 856 | 40|ahttp://publications.gc.ca|qPDF|s1.5 Mo|uhttps://publications.gc.ca/collections/collection_2012/crdi-idrc/E97-75-2007-fra.pdf |